Short scar facial rejuvenation : (رقم التسجيلة. 15147)

تفاصيل مارك
000 -LEADER
fixed length control field 025490000a22003610004500
003 - CONTROL NUMBER IDENTIFIER
control field EG-GICUC
005 - DATE AND TIME OF LATEST TRANSACTION
control field 20250223025533.0
008 - FIXED-LENGTH DATA ELEMENTS--GENERAL INFORMATION
fixed length control field 061121s2005 ua a f m 000 0 eng d
040 ## - CATALOGING SOURCE
Original cataloging agency EG-GICUC
Language of cataloging eng
Transcribing agency EG-GICUC
041 0# - LANGUAGE CODE
Language code of text/sound track or separate title Eng
049 ## - LOCAL HOLDINGS (OCLC)
Holding library Deposite
097 ## - Thesis Degree
Thesis Level M.Sc
099 ## - LOCAL FREE-TEXT CALL NUMBER (OCLC)
Classification number Cai01.11.14.M.Sc.2005.We.S.
100 0# - MAIN ENTRY--PERSONAL NAME
Personal name Wessam Samir Mohammed Wahdan
245 10 - TITLE STATEMENT
Title Short scar facial rejuvenation :
Remainder of title State of the Art /
Statement of responsibility, etc. Wessam Samir Mohammed Wahdan ; supervised Ahmed Sherif Kariem , Maamoun Ismail Maamoun , Ashraf ElSebaie Mohammed
246 15 - VARYING FORM OF TITLE
Title proper/short title اعادة النضارة الى الوجه من خلال جرح صغير : الاتجاهات الحديثة
260 ## - PUBLICATION, DISTRIBUTION, ETC.
Place of publication, distribution, etc. Cairo :
Name of publisher, distributor, etc. Wessam Samir Mohammed Wahdan ,
Date of publication, distribution, etc. 2005
300 ## - PHYSICAL DESCRIPTION
Extent 116P :
Other physical details ill ;
Dimensions 25cm
502 ## - DISSERTATION NOTE
Dissertation note Thesis (M.Sc.) - Cairo University - Faculty Of Medicine - Department Of General Surgery
520 ## - SUMMARY, ETC.
Summary, etc. Short - scar cervicofacial rhytidectomy has been used with great success and a high level of patient satisfactionThe operation involves limited incisions in the sideburn and preauricular areas , extending just around the fold of the ear lobuleThe operation is safe , speedy , less traumatic , and well tolerated among patients at high risk , such as smokersThe risks of complications are also reduced with this operationAnother technique is a MACS lift which can be done through an inverted L - shaped preauricular incision with extension below the sideburn ; a limited skin undermining is performedTwo strong , permanent purse - string sutures are woven into the superficial musculoaponeurotic system tissues in a vertical U and an oblique O shape , initiating from a strong anchorage in the deep temporal fascia at the level of the helical crusTying these sutures produces a very powerful vertical correction of descended facial features that acts mainly on the jowls and the upper neckThe procedure can be extended by contenting the dissection over the malar fat pad , placing a third vertical purse - string suture with strong action on the nasolabial groove , and vertically repositioning the midfacial volumes
530 ## - ADDITIONAL PHYSICAL FORM AVAILABLE NOTE
Additional physical form available note Issued also as CD
653 #4 - INDEX TERM--UNCONTROLLED
Uncontrolled term Mandibular
653 #4 - INDEX TERM--UNCONTROLLED
Uncontrolled term Midfacial
653 #4 - INDEX TERM--UNCONTROLLED
Uncontrolled term Musculoaponeurotic
653 #4 - INDEX TERM--UNCONTROLLED
Uncontrolled term Rhytidectomy
700 0# - ADDED ENTRY--PERSONAL NAME
Personal name Ahmed Sherif Kariem ,
Relator term
700 0# - ADDED ENTRY--PERSONAL NAME
Personal name Ashraf ElSebaie Mohammed ,
Relator term
700 0# - ADDED ENTRY--PERSONAL NAME
Personal name Maamoun Ismail Maamoun ,
Relator term
856 ## - ELECTRONIC LOCATION AND ACCESS
Uniform Resource Identifier <a href="http://172.23.153.220/th.pdf">http://172.23.153.220/th.pdf</a>
905 ## - LOCAL DATA ELEMENT E, LDE (RLIN)
Cataloger Enas
Reviser Cataloger
905 ## - LOCAL DATA ELEMENT E, LDE (RLIN)
Cataloger Mustafa
Reviser Revisor
942 ## - ADDED ENTRY ELEMENTS (KOHA)
Source of classification or shelving scheme Dewey Decimal Classification
Koha item type Thesis
المقتنيات
Source of classification or shelving scheme Not for loan Home library Current library Date acquired Full call number Barcode Date last seen Koha item type Copy number
Dewey Decimal Classification   المكتبة المركزبة الجديدة - جامعة القاهرة قاعة الرسائل الجامعية - الدور الاول 11.02.2024 Cai01.11.14.M.Sc.2005.We.S. 01010110043894000 22.09.2023 Thesis  
Dewey Decimal Classification   المكتبة المركزبة الجديدة - جامعة القاهرة مخـــزن الرســائل الجـــامعية - البدروم 11.02.2024 Cai01.11.14.M.Sc.2005.We.S. 01020110043894000 22.09.2023 CD - Rom 43894.CD
Cairo University Libraries Portal Implemented & Customized by: Eng. M. Mohamady Contacts: new-lib@cl.cu.edu.eg | cnul@cl.cu.edu.eg
CUCL logo CNUL logo
© All rights reserved — Cairo University Libraries
CUCL logo
Implemented & Customized by: Eng. M. Mohamady Contact: new-lib@cl.cu.edu.eg © All rights reserved — New Central Library
CNUL logo
Implemented & Customized by: Eng. M. Mohamady Contact: cnul@cl.cu.edu.eg © All rights reserved — Cairo National University Library